[Event "FIDE World Bl Team Pool A"]
[Site "London ENG"]
[Date "2025.06.14"]
[Round "4.1"]
[White "Dudin, Gleb"]
[Black "Nihal, Sarin"]
[Result "1-0"]
[WhiteTitle "GM"]
[BlackTitle "GM"]
[WhiteElo "2574"]
[BlackElo "2696"]
[WhiteTeam "Global Ramblers"]
[BlackTeam "Ashdod Elit Chess Club"]
[WhiteFideId "34184934"]
[BlackFideId "25092340"]
[EventDate "2025.06.14"]
[EventType "team"]

1. d4 d5 2. c4 e6 3. Nf3 h6 4. g3 Bb4+ 5. Bd2 a5 6. Bg2 Nf6 7. O-O O-O 8. Qc2
Be7 9. Rd1 c6 10. Bf4 Nbd7 11. h4 b5 12. c5 b4 13. Nbd2 Nh5 14. Be5 Ba6 15. e4
Nhf6 16. exd5 exd5 17. Re1 Re8 18. Bh3 Bc8 19. Bf5 Nf8 20. Re2 Bxf5 21. Qxf5 Qd7
22. Qxd7 N8xd7 23. Rae1 Bf8 24. Bc7 a4 25. Rxe8 Nxe8 26. Ba5 Rb8 27. b3 axb3 28.
axb3 Nef6 29. Ra1 Ne4 30. Ra4 Re8 31. Bxb4 Nxd2 32. Bxd2 Re6 33. b4 Nf6 34. Ra8
Ne4 35. Bf4 f6 36. h5 Kf7 37. Nh4 Be7 38. Nf5 g5 39. hxg6+ Kxg6 40. Nxe7+ Rxe7
41. Ra6 Nc3 42. Rxc6 Ne2+ 43. Kg2 Nxd4 44. Rd6 Rb7 45. Be5 Nc2 46. Rxf6+ Kh7 47.
Rb6 Re7 48. Bd6 Rd7 49. b5 Ne1+ 50. Kf1 Nf3 51. Rc6 d4 52. Rc7 Rxc7 53. Bxc7 d3
54. b6 1-0

[Event "FIDE World Bl Team Pool A"]
[Site "London ENG"]
[Date "2025.06.14"]
[Round "4.2"]
[White "Gledura, Benjamin"]
[Black "Shabalov, Alexander"]
[Result "1-0"]
[WhiteTitle "GM"]
[BlackTitle "GM"]
[WhiteElo "2668"]
[BlackElo "2483"]
[WhiteTeam "Ashdod Elit Chess Club"]
[BlackTeam "Global Ramblers"]
[WhiteFideId "712779"]
[BlackFideId "2008572"]
[EventDate "2025.06.14"]
[EventType "team"]

1. g3 f5 2. Bg2 Nf6 3. d4 g6 4. Nf3 Bg7 5. O-O O-O 6. Re1 d6 7. Nc3 Nc6 8. e4
fxe4 9. Nxe4 Nxe4 10. Rxe4 Bf5 11. Re1 Bg4 12. c3 e5 13. Qb3+ Kh8 14. Ng5 Qf6
15. Ne4 Qf7 16. Qxb7 Na5 17. Qb5 d5 18. Qxa5 dxe4 19. Be3 exd4 20. cxd4 Bf3 21.
Rac1 Bxg2 22. Kxg2 Qf3+ 23. Kg1 Rf5 24. Qa6 Qg4 25. Rxc7 Raf8 26. Qb7 1-0

[Event "FIDE World Bl Team Pool A"]
[Site "London ENG"]
[Date "2025.06.14"]
[Round "4.3"]
[White "Mesropov, Konstantin"]
[Black "Eljanov, Pavel"]
[Result "1/2-1/2"]
[WhiteTitle "IM"]
[BlackTitle "GM"]
[WhiteElo "2458"]
[BlackElo "2669"]
[WhiteTeam "Global Ramblers"]
[BlackTeam "Ashdod Elit Chess Club"]
[WhiteFideId "4116887"]
[BlackFideId "14102951"]
[EventDate "2025.06.14"]
[EventType "team"]

1. d4 d5 2. Bf4 c5 3. e3 cxd4 4. exd4 Nc6 5. c3 Bf5 6. Nf3 e6 7. Bd3 Bxd3 8.
Qxd3 Bd6 9. Bxd6 Qxd6 10. O-O Nge7 11. Nbd2 Rb8 12. Rfe1 h6 13. Ne5 Nxe5 14.
dxe5 Qc7 15. Nf3 O-O 16. Nd4 Nc6 17. h3 Rfc8 18. Nb5 Qb6 19. Re2 a6 20. Nd6 Rd8
21. Qg3 Nxe5 22. Nxb7 Rxb7 23. Qxe5 a5 24. Rae1 a4 25. Kh1 Qd6 26. Qd4 Rdb8 27.
c4 Rb4 28. b3 axb3 29. axb3 Rxb3 30. cxd5 Qxd5 31. Qxd5 exd5 32. Re8+ Kh7 33.
R1e7 Rxe8 34. Rxe8 Kg6 35. Rd8 Rb5 36. g4 Kf6 37. Kg2 Ke7 38. Rg8 g5 39. Ra8 Rb6
40. Kf3 Ke6 41. Re8+ Kf6 42. Kg3 Re6 43. Rd8 Ke5 44. Rd7 Rf6 45. f3 Kd4 46. Kf2
Kc4 47. Rc7+ Kd3 48. Ra7 d4 49. Ra3+ Kc4 50. Ke2 Rb6 51. Ra4+ Rb4 52. Ra7 Rb2+
53. Ke1 Kd3 54. Rxf7 Ke3 55. Re7+ Kxf3 56. Re6 d3 57. Rxh6 Re2+ 58. Kd1 Ke3 59.
Re6+ Kf2 60. Rg6 Re5 61. Kd2 Kg3 62. Rh6 Rd5 63. Rh5 Kf4 64. h4 Kxg4 65. Rxg5+ 1/2-1/2

[Event "FIDE World Bl Team Pool A"]
[Site "London ENG"]
[Date "2025.06.14"]
[Round "4.4"]
[White "Smirin, Ilia"]
[Black "Reprintsev, Alexander"]
[Result "1-0"]
[WhiteTitle "GM"]
[BlackTitle "IM"]
[WhiteElo "2564"]
[BlackElo "2256"]
[WhiteTeam "Ashdod Elit Chess Club"]
[BlackTeam "Global Ramblers"]
[WhiteFideId "2801990"]
[BlackFideId "14100541"]
[EventDate "2025.06.14"]
[EventType "team"]

1. e4 e5 2. Nf3 Nc6 3. Bb5 a6 4. Ba4 Bc5 5. c3 Nge7 6. O-O Ng6 7. d4 Ba7 8. Be3
O-O 9. Nbd2 d6 10. Re1 Bg4 11. h3 exd4 12. cxd4 Bd7 13. Rc1 h6 14. Bxc6 bxc6 15.
Qb3 a5 16. Qa3 Qb8 17. Nc4 a4 18. e5 d5 19. Ncd2 Qb5 20. Nb1 Rfb8 21. Rc2 Qb4
22. Qxb4 Rxb4 23. a3 Rb3 24. Nc3 Rab8 25. Nxa4 Ne7 26. Nd2 R3b5 27. b4 Ra8 28.
Nb3 Bf5 29. Rcc1 Rbb8 30. Nc3 Bd3 31. g4 Bc4 32. Na5 Bd3 33. Red1 Ba6 34. Na4
Bb5 35. Nc5 Bb6 36. a4 Bxa5 37. bxa5 Bc4 38. Rb1 Rf8 39. Rb7 Rfc8 40. Bd2 g5 41.
f4 gxf4 42. Bxf4 h5 43. gxh5 Rxa5 44. Kh2 Kh7 45. Rg1 Raa8 46. Bg5 Nf5 47. Rg4
Be2 48. Rf4 Nh6 49. Rf6 Ng8 50. Rxf7+ Kh8 51. h6 Rf8 52. Rxf8 Rxf8 53. a5 Rf2+
54. Kg1 Rf1+ 55. Kg2 Ra1 56. a6 Ra2 57. Kg3 Ra3+ 58. Kf2 Ra2 59. Ke3 Bf1 60. a7
Re2+ 61. Kf3 Ra2 62. Rxc7 Bxh3 63. h7 1-0

[Event "FIDE World Bl Team Pool A"]
[Site "London ENG"]
[Date "2025.06.14"]
[Round "4.5"]
[White "Badelka, Olga"]
[Black "Osmak, Yuliia"]
[Result "0-1"]
[WhiteTitle "IM"]
[BlackTitle "IM"]
[WhiteElo "2424"]
[BlackElo "2468"]
[WhiteTeam "Global Ramblers"]
[BlackTeam "Ashdod Elit Chess Club"]
[WhiteFideId "13509926"]
[BlackFideId "14101602"]
[EventDate "2025.06.14"]
[EventType "team"]

1. d4 d5 2. Nf3 Nf6 3. e3 e6 4. Bd3 b6 5. b3 Bb7 6. Bb2 Be7 7. Nbd2 O-O 8. O-O
Nbd7 9. c4 Ne4 10. cxd5 exd5 11. Rc1 c5 12. Qc2 Ndf6 13. dxc5 bxc5 14. Ne5 Nxd2
15. Qxd2 Rc8 16. Rfd1 Qb6 17. Qe2 Rfd8 18. Ng4 Qe6 19. h3 a5 20. Qf3 Nxg4 21.
hxg4 Qh6 22. Bf5 Ra8 23. g3 a4 24. Kg2 g6 25. Bc2 axb3 26. axb3 Ra2 27. Be5 Qg5
28. Bf4 Qf6 29. Bb1 Ra3 30. Bc2 Bc6 31. g5 Qe6 32. Rh1 Bf8 33. g4 d4 34. e4 d3
35. Qh3 Qxe4+ 36. f3 Qe2+ 37. Kg1 Bg7 38. Qxh7+ Kf8 39. Bd1 Bd4+ 0-1

[Event "FIDE World Bl Team Pool A"]
[Site "London ENG"]
[Date "2025.06.14"]
[Round "4.6"]
[White "Sailaubay, Aldiyar"]
[Black "Volkov, Leonid"]
[Result "1-0"]
[WhiteElo "1910"]
[BlackElo "1828"]
[WhiteTeam "Ashdod Elit Chess Club"]
[BlackTeam "Global Ramblers"]
[WhiteFideId "13729357"]
[BlackFideId "12848140"]
[EventDate "2025.06.14"]
[EventType "team"]

1. e4 e5 2. Nf3 Nc6 3. Bc4 Nf6 4. d3 Be7 5. c3 d6 6. Bb3 Be6 7. Bc2 Qc8 8. h3 b5
9. Be3 a5 10. Nbd2 b4 11. Nf1 bxc3 12. bxc3 Rb8 13. Ng3 Rb2 14. Ba4 Qb7 15. O-O
O-O 16. d4 Bxa2 17. Nf5 Re8 18. d5 Nxe4 19. Bxc6 Nxc3 20. Qd3 Qb4 21. Bxe8 Bf8
22. Bd2 Rxd2 23. Qxd2 Bxd5 24. Rfc1 Be4 25. Qxc3 1-0

[Event "FIDE World Bl Team Pool A"]
[Site "London ENG"]
[Date "2025.06.14"]
[Round "4.1"]
[White "Khoury, Theo"]
[Black "Bjerre, Jonas Buhl"]
[Result "0-1"]
[WhiteTitle "CM"]
[BlackTitle "GM"]
[WhiteElo "2209"]
[BlackElo "2651"]
[WhiteTeam "Chess Trust Accelerators"]
[BlackTeam "¡Ållez-Y Initiative!"]
[WhiteFideId "480703"]
[BlackFideId "1444948"]
[EventDate "2025.06.14"]
[EventType "team"]

1. e4 c5 2. Nf3 g6 3. d4 cxd4 4. Nxd4 Bg7 5. c4 Nc6 6. Be3 Qb6 7. Nb3 Qd8 8. Nd4
Qb6 9. Nb3 Qc7 10. Nd4 Nf6 11. Nc3 d6 12. Be2 Nxd4 13. Bxd4 Be6 14. b3 O-O 15.
O-O a6 16. Rc1 Nd7 17. Bxg7 Kxg7 18. Qd4+ Kg8 19. Nd5 Bxd5 20. exd5 Qc5 21. Qxc5
Nxc5 22. Bf3 Rfc8 23. Rc3 a5 24. Re3 Rc7 25. Rfe1 Kf8 26. a3 Rb8 27. Be2 Nd7 28.
h4 h6 29. g3 Nf6 30. Bf1 b5 31. cxb5 Nxd5 32. Re4 Nc3 33. Rc4 Nxb5 34. Ra4 Nc3
35. Rxa5 Rxb3 36. Ra8+ Kg7 37. a4 Ra3 38. a5 d5 39. a6 Rd7 40. Rb8 Kf6 41. Rb6+
e6 42. Re3 d4 43. Rf3+ Ke7 44. Bc4 Rc7 45. Rb7 Ra1+ 46. Kg2 Rxb7 47. axb7 Rb1
48. Ba6 e5 49. Rd3 Kd6 50. Rd2 Kc5 51. f4 e4 52. Rf2 d3 53. Rd2 Kd4 54. h5 gxh5
55. Rf2 e3 0-1

[Event "FIDE World Bl Team Pool A"]
[Site "London ENG"]
[Date "2025.06.14"]
[Round "4.2"]
[White "Jacobsen, Mikkel Manosri"]
[Black "Verbytski, Oleg"]
[Result "1-0"]
[WhiteTitle "FM"]
[WhiteElo "2223"]
[BlackElo "1994"]
[WhiteTeam "¡Ållez-Y Initiative!"]
[BlackTeam "Chess Trust Accelerators"]
[WhiteFideId "1444514"]
[BlackFideId "495506"]
[EventDate "2025.06.14"]
[EventType "team"]

1. d4 d5 2. Nf3 Nf6 3. Bf4 e6 4. e3 c5 5. Nbd2 Nc6 6. c3 Be7 7. Bd3 O-O 8. Ne5
Nxe5 9. dxe5 Nd7 10. h4 f6 11. Qh5 f5 12. g4 g6 13. Qh6 d4 14. gxf5 exf5 15. Rg1
Nb6 16. O-O-O Rf7 17. Nc4 Be6 18. Nd6 Bxd6 19. exd6 dxc3 20. Be5 cxb2+ 21. Kb1
Rf6 22. h5 Qf8 23. Qg5 Nd5 24. Bc4 Nc3+ 25. Bxc3 Bxc4 26. Bxf6 Qf7 27. Bxb2
Bxa2+ 28. Ka1 Qb3 29. hxg6 Qa4 30. gxh7+ Kf7 31. Qe7# 1-0

[Event "FIDE World Bl Team Pool A"]
[Site "London ENG"]
[Date "2025.06.14"]
[Round "4.3"]
[White "Zhao, George"]
[Black "Muetsch, Annmarie"]
[Result "1-0"]
[WhiteTitle "CM"]
[BlackTitle "WIM"]
[WhiteElo "2124"]
[BlackElo "2271"]
[WhiteTeam "Chess Trust Accelerators"]
[BlackTeam "¡Ållez-Y Initiative!"]
[WhiteFideId "494607"]
[BlackFideId "12971367"]
[EventDate "2025.06.14"]
[EventType "team"]

1. d4 d6 2. c4 e5 3. dxe5 dxe5 4. Qxd8+ Kxd8 5. Nf3 f6 6. Nc3 Be6 7. e3 Nd7 8.
Be2 c6 9. O-O Kc7 10. b3 a5 11. Bb2 Nh6 12. Rac1 Nc5 13. Ba3 Nf7 14. Nd5+ Bxd5
15. cxd5 b6 16. dxc6 Kxc6 17. Nd4+ exd4 18. Bf3+ Kc7 19. Bxa8 dxe3 20. fxe3 Bd6
21. Bd5 Ne5 22. Rc2 Kd7 23. Rd1 Ke7 24. Bf3 g5 25. Rcd2 Rd8 26. h3 Ng6 27. Bb2
Ne5 28. Kf1 h6 29. Rd5 Rd7 30. Bxe5 fxe5 31. e4 Rd8 32. Kf2 Ne6 33. Kg3 Nd4 34.
Kg4 Rf8 35. Rd3 Rf4+ 36. Kh5 Rf6 37. h4 gxh4 38. Kxh4 b5 39. R3xd4 exd4 40. e5
Rf4+ 41. Kg3 1-0

[Event "FIDE World Bl Team Pool A"]
[Site "London ENG"]
[Date "2025.06.14"]
[Round "4.4"]
[White "Loftgaard, Mikkel Vinh"]
[Black "Jakhria, Kushal"]
[Result "1-0"]
[WhiteTitle "FM"]
[BlackTitle "CM"]
[WhiteElo "2243"]
[BlackElo "2011"]
[WhiteTeam "¡Ållez-Y Initiative!"]
[BlackTeam "Chess Trust Accelerators"]
[WhiteFideId "1468480"]
[BlackFideId "497444"]
[EventDate "2025.06.14"]
[EventType "team"]

1. e4 c5 2. Nf3 e6 3. c3 Nf6 4. e5 Nd5 5. d4 cxd4 6. cxd4 d6 7. Bc4 Be7 8. O-O
O-O 9. Qe2 b6 10. Rd1 Bb7 11. a3 Nc6 12. Bd3 dxe5 13. dxe5 g6 14. Bd2 Qc7 15.
Nc3 Rad8 16. Rac1 Nxc3 17. Bxc3 Rd7 18. b4 Qd8 19. Be4 a6 20. Rxd7 Qxd7 21. Rd1
Qc7 22. h4 Rd8 23. Rc1 Qd7 24. h5 Na7 25. Bd4 Bxe4 26. Qxe4 b5 27. h6 Bf8 28.
Qf4 Nc8 29. Bc5 Ne7 30. Ng5 Nd5 31. Qh4 Qc7 32. Ne4 Be7 33. Qg3 Rc8 34. Be3 Qd7
35. Rxc8+ Qxc8 36. Bc5 Qc7 37. Bxe7 Qxe7 38. Qf3 Qh4 39. Nf6+ Kf8 40. Nxh7+ Ke7
41. Nf6 Nxf6 42. exf6+ Qxf6 43. Qb7+ Kd6 44. Qxa6+ Kc7 45. Qa7+ Kc6 46. Qa8+ Kc7
47. h7 Qa1+ 48. Kh2 Qe5+ 49. g3 Qh5+ 50. Kg2 Qxh7 51. Qa7+ Kc8 52. Qa6+ Kd8 53.
Qxb5 Qg7 54. Qc6 Qd4 55. b5 Qa7 56. b6 Qb8 57. b7 Qc7 58. Qb5 Qb8 59. a4 Kc7 60.
Qe5+ Kxb7 61. Qxb8+ Kxb8 62. Kf3 f6 63. Ke4 Kc7 64. g4 Kb6 65. g5 fxg5 66. Ke5
Ka5 67. Kxe6 Kxa4 68. Kf6 g4 69. Kxg6 Kb4 70. Kg5 1-0

[Event "FIDE World Bl Team Pool A"]
[Site "London ENG"]
[Date "2025.06.14"]
[Round "4.5"]
[White "Volovich, Julia"]
[Black "Jalving, August"]
[Result "1-0"]
[BlackTitle "CM"]
[WhiteElo "1945"]
[BlackElo "2306"]
[WhiteTeam "Chess Trust Accelerators"]
[BlackTeam "¡Ållez-Y Initiative!"]
[WhiteFideId "447099"]
[BlackFideId "1471759"]
[EventDate "2025.06.14"]
[EventType "team"]

1. d4 Nf6 2. c4 e6 3. Nc3 Bb4 4. Qc2 c5 5. dxc5 Bxc5 6. Nf3 Nc6 7. a3 a5 8. Bg5
h6 9. Bh4 Be7 10. e4 d6 11. Be2 O-O 12. O-O e5 13. Rad1 Be6 14. Bxf6 gxf6 15.
Nd5 Kh7 16. Kh1 Rg8 17. Nh4 Nd4 18. Qd2 Bxd5 19. exd5 f5 20. Nxf5 Nxf5 21. Bd3
Qd7 22. Qc2 Rg5 23. g4 Kh8 24. Bxf5 Qc7 25. f4 exf4 26. Qc3+ Kg8 27. Rxf4 Bf8
28. b3 Bg7 29. Qf3 Be5 30. Bh7+ Kg7 31. Bf5 Bxf4 32. Qxf4 Qe7 33. Rf1 Qe5 34.
Qxe5+ dxe5 35. h4 Rxf5 36. Rxf5 f6 37. Kg2 a4 38. b4 b6 39. Rf1 Rc8 40. Rc1 Kf7
41. Kf3 f5 42. gxf5 Kf6 43. Ke4 Rg8 44. c5 Rg4+ 45. Kf3 Rf4+ 46. Ke3 bxc5 47.
bxc5 Ke7 48. d6+ Kd8 49. c6 Rd4 50. d7 Kc7 51. Rf1 Kxc6 52. f6 Rxd7 53. f7 Rxf7
54. Rxf7 Kd5 55. Ra7 Kc4 56. Rxa4+ Kb3 57. Ra5 1-0

[Event "FIDE World Bl Team Pool A"]
[Site "London ENG"]
[Date "2025.06.14"]
[Round "4.6"]
[White "McCallum, Elliot"]
[Black "Kendall, Arthur"]
[Result "1-0"]
[WhiteElo "1924"]
[BlackElo "1883"]
[WhiteTeam "¡Ållez-Y Initiative!"]
[BlackTeam "Chess Trust Accelerators"]
[WhiteFideId "2645718"]
[BlackFideId "343410960"]
[EventDate "2025.06.14"]
[EventType "team"]

1. e4 e6 2. d4 d5 3. e5 c5 4. c3 Qb6 5. Nf3 Nc6 6. Bd3 Bd7 7. dxc5 Bxc5 8. O-O
a5 9. Qe2 Nge7 10. Nbd2 Ng6 11. Nb3 Be7 12. Nbd4 Rc8 13. Be3 Nxd4 14. cxd4 O-O
15. Rac1 Rc6 16. Rxc6 Bxc6 17. g3 a4 18. h4 Rc8 19. h5 Nf8 20. Rc1 h6 21. Kg2
Nh7 22. Bb1 Rf8 23. Qd3 f5 24. exf6 Nxf6 25. Qg6 Be8 26. Qd3 Bxh5 27. Ne5 Ne4
28. Nd7 Bf3+ 29. Kg1 Rf5 30. g4 Qd8 31. gxf5 Qxd7 32. Bxh6 gxh6 33. Qxf3 Bg5 34.
Rd1 exf5 35. Bxe4 fxe4 36. Qg3 Qe8 37. Qe5 Qf7 38. Kf1 Bf6 39. Qg3+ Kh7 40. Ke2
Qh5+ 41. f3 exf3+ 42. Qxf3 Qe8+ 43. Kf1 Qb5+ 44. Qd3+ Qxd3+ 45. Rxd3 Kg6 46. Kg2
Kf5 47. Kf3 h5 48. Ra3 Bxd4 49. Rxa4 Bxb2 50. Ra5 Ke5 51. Ra7 b5 52. Rh7 b4 53.
Rxh5+ Kd4 54. Ke2 Kc4 55. Kd2 Bc3+ 56. Kc2 d4 57. Rh3 Be1 58. Rd3 Bc3 59. Rd1
Kc5 60. Kd3 Kb5 61. Rb1 Ka4 62. Rb3 Ka5 63. Kc4 Ka4 64. Kd3 Ka5 65. Rb1 Ka4 66.
Rh1 Ka3 67. Rh2 Bb2 68. Kc4 Kxa2 69. Kxb4 Kb1 70. Kb3 d3 71. Rxb2+ Kc1 72. Kc3 1-0

[Event "FIDE World Bl Team Pool A"]
[Site "London ENG"]
[Date "2025.06.14"]
[Round "4.1"]
[White "Eren, Ataberk"]
[Black "Hansen, Eric"]
[Result "0-1"]
[WhiteTitle "IM"]
[BlackTitle "GM"]
[WhiteElo "2423"]
[BlackElo "2609"]
[WhiteTeam "Satranc Istanbul"]
[BlackTeam "ChessbrahTV"]
[WhiteFideId "6349765"]
[BlackFideId "2606771"]
[EventDate "2025.06.14"]
[EventType "team"]

1. e4 c5 2. Nf3 e6 3. d4 cxd4 4. Nxd4 a6 5. a3 Nf6 6. Nc3 Qc7 7. g4 h6 8. Be3
Nc6 9. Nxc6 bxc6 10. Bg2 Rb8 11. Rb1 d5 12. h4 h5 13. gxh5 Nxh5 14. Qf3 Bd6 15.
exd5 cxd5 16. Bd4 Nf4 17. Bf1 e5 18. Be3 e4 19. Qd1 Rxb2 20. Bd4 Rxb1 21. Qxb1
Ne6 22. Nxd5 Qa5+ 23. Nb4 Nxd4 24. c3 Nf3+ 25. Kd1 Bf5 26. Be2 O-O 27. Kc1 Qxa3+ 0-1

[Event "FIDE World Bl Team Pool A"]
[Site "London ENG"]
[Date "2025.06.14"]
[Round "4.2"]
[White "Ragnarsson, Dagur"]
[Black "Makaraci, Tunahan"]
[Result "1-0"]
[WhiteTitle "IM"]
[BlackTitle "FM"]
[WhiteElo "2349"]
[BlackElo "2233"]
[WhiteTeam "ChessbrahTV"]
[BlackTeam "Satranc Istanbul"]
[WhiteFideId "2304058"]
[BlackFideId "6356559"]
[EventDate "2025.06.14"]
[EventType "team"]

1. Nf3 Nf6 2. g3 b6 3. Bg2 Bb7 4. d3 g6 5. e4 d6 6. O-O Bg7 7. c4 Nbd7 8. Nc3
O-O 9. h3 e5 10. Be3 Nc5 11. Qd2 Ne6 12. Bh6 Qd7 13. Bxg7 Kxg7 14. Nd5 Ng8 15.
d4 f6 16. h4 Bc8 17. Rad1 Qf7 18. b3 Bd7 19. Kh2 Rad8 20. Ne3 c5 21. dxc5 dxc5
22. Nd5 Ne7 23. Qe3 Nxd5 24. cxd5 Nd4 25. Rc1 Qe7 26. b4 Bb5 27. Rfd1 Nxf3+ 28.
Bxf3 cxb4 29. Rd2 Rc8 30. d6 Qd7 31. Rb1 Rc3 32. Qe1 Rxf3 33. Rxb4 f5 34. Rc2
Bc6 35. Rbc4 Rc8 36. exf5 Qxf5 37. Rxc6 Rxc6 38. Rxc6 Rxf2+ 39. Kg1 Rf3 40. Rc7+
Kg8 41. d7 Qd3 42. Rc8+ Kg7 43. d8=Q Rxg3+ 44. Qxg3 Qxg3+ 45. Kf1 Qf3+ 46. Ke1
Qe3+ 47. Kd1 Qg1+ 48. Kc2 Qf2+ 49. Kb3 Qf3+ 50. Rc3 Qe2 51. Qe7+ Kh6 52. Qg5+
Kg7 53. Rc7+ 1-0

[Event "FIDE World Bl Team Pool A"]
[Site "London ENG"]
[Date "2025.06.14"]
[Round "4.3"]
[White "Eken, Atakan"]
[Black "Delaney, Killian"]
[Result "0-1"]
[BlackTitle "FM"]
[WhiteElo "2010"]
[BlackElo "2275"]
[WhiteTeam "Satranc Istanbul"]
[BlackTeam "ChessbrahTV"]
[WhiteFideId "6375626"]
[BlackFideId "2501570"]
[EventDate "2025.06.14"]
[EventType "team"]

1. e4 c6 2. d4 d5 3. exd5 cxd5 4. Bd3 Nc6 5. c3 Qc7 6. Ne2 Bg4 7. h3 Bh5 8. Nd2
e6 9. g4 Bg6 10. Nf3 Bd6 11. Be3 Nf6 12. Rg1 Bxd3 13. Qxd3 Ne4 14. Nd2 Nxd2 15.
Qxd2 Na5 16. Qd3 Qc4 17. Qxc4 Nxc4 18. O-O-O b5 19. Kb1 a5 20. Nc1 b4 21. cxb4
axb4 22. Rd3 Kd7 23. Nb3 Ra7 24. Rgd1 Rha8 25. Nc1 Rc8 26. Rb3 Rac7 27. Nd3 Na5
28. Rxb4 Bxb4 29. Nxb4 Nc4 30. Bc1 Rb7 31. a3 g6 32. Ka2 Ra8 33. Nd3 Kc6 34. Nc5
Rba7 35. Rd3 Rb8 36. f4 Nd6 37. Rc3 Nb5 38. Rd3 Nxd4 39. Rxd4 Kxc5 40. Be3 Kc6
41. Rd1 Rab7 42. Bd4 Kd7 43. Be5 Rc8 44. f5 Rc4 45. fxe6+ Kxe6 46. Bc3 f5 47.
Re1+ Re4 48. Rg1 f4 49. Rf1 d4 50. Bd2 g5 51. h4 h6 52. hxg5 hxg5 53. Rh1 Re2
54. Bc1 d3 55. Rd1 Rd7 56. Bd2 f3 57. Bxg5 d2 58. Bh4 f2 59. g5 Kf5 60. a4 Re1 0-1

[Event "FIDE World Bl Team Pool A"]
[Site "London ENG"]
[Date "2025.06.14"]
[Round "4.4"]
[White "Vincent, Trevor"]
[Black "Tahaoglu, Ugur Barkin"]
[Result "1-0"]
[WhiteElo "2226"]
[BlackElo "2015"]
[WhiteTeam "ChessbrahTV"]
[BlackTeam "Satranc Istanbul"]
[WhiteFideId "2605600"]
[BlackFideId "6303331"]
[EventDate "2025.06.14"]
[EventType "team"]

1. Nf3 Nf6 2. c4 e6 3. d4 Bb4+ 4. Bd2 Qe7 5. a3 Bxd2+ 6. Nbxd2 d6 7. g3 O-O 8.
Bg2 e5 9. e3 e4 10. Ng1 Bf5 11. Ne2 c6 12. h3 d5 13. O-O Nbd7 14. g4 Be6 15. Nf4
g5 16. Ne2 Kg7 17. Ng3 Rh8 18. f4 exf3 19. Nxf3 Ne4 20. Nh5+ Kf8 21. Nd2 Nxd2
22. Qxd2 Ke8 23. cxd5 cxd5 24. e4 dxe4 25. Bxe4 Nb6 26. Nf6+ Kd8 27. Qxg5 Rc8
28. Rac1 Rxc1 29. Rxc1 Nd7 30. Nxh7 Qxg5 31. Nxg5 Nf6 32. Bg2 Bd5 33. Bxd5 Nxd5
34. Nxf7+ 1-0

[Event "FIDE World Bl Team Pool A"]
[Site "London ENG"]
[Date "2025.06.14"]
[Round "4.5"]
[White "Kalender, Murat Emre"]
[Black "Garcia Martin, Marta"]
[Result "0-1"]
[BlackTitle "IM"]
[WhiteElo "1782"]
[BlackElo "2339"]
[WhiteTeam "Satranc Istanbul"]
[BlackTeam "ChessbrahTV"]
[WhiteFideId "34531815"]
[BlackFideId "32084030"]
[EventDate "2025.06.14"]
[EventType "team"]

1. d4 d5 2. Bf4 Nf6 3. e3 e6 4. c3 Bd6 5. Bg3 O-O 6. Nd2 c5 7. Ngf3 Qc7 8. Bd3
Nbd7 9. Qe2 e5 10. dxe5 Nxe5 11. Nxe5 Bxe5 12. Bxe5 Qxe5 13. Nf3 Qe7 14. h3 b6
15. O-O Bb7 16. Rad1 Rad8 17. Bb1 Rfe8 18. Rd2 Ne4 19. Rdd1 Rd6 20. Nd2 Nf6 21.
Nf3 Red8 22. Rd2 Ne4 23. Rdd1 g6 24. Nd2 Nf6 25. Nf3 d4 26. cxd4 cxd4 27. Rd2
dxe3 28. Rxd6 exf2+ 29. Rxf2 Qxd6 30. Bc2 Kg7 31. Bb3 Ne4 32. Rf1 Ng3 33. Qc4
Bd5 34. Qc3+ Kg8 35. Rd1 Qe6 36. Bxd5 Rxd5 37. Rxd5 Qxd5 38. Qc8+ Kg7 39. Qc3+
Kf8 40. Qc8+ Kg7 41. Qc3+ f6 42. Qc7+ Qf7 43. Qxg3 Qxa2 44. Qc7+ Qf7 45. Qxf7+
Kxf7 46. Kf2 Ke6 47. Ke3 Kd5 48. Nd4 Kc4 49. Ne2 Kb3 50. Kd4 a5 51. Kd5 Kxb2 52.
Kc6 a4 53. Nd4 a3 54. Kxb6 a2 55. Nb5 a1=Q 56. Kc6 Qg1 57. Nd6 Qxg2+ 58. Kd7
Qxh3+ 59. Ke7 f5 60. Kf6 f4 61. Ne4 Qf5+ 0-1

[Event "FIDE World Bl Team Pool A"]
[Site "London ENG"]
[Date "2025.06.14"]
[Round "4.6"]
[White "Grose, Kameron"]
[Black "Demir, Aleyna"]
[Result "1-0"]
[WhiteElo "1907"]
[BlackElo "1651"]
[WhiteTeam "ChessbrahTV"]
[BlackTeam "Satranc Istanbul"]
[WhiteFideId "474010"]
[BlackFideId "6378323"]
[EventDate "2025.06.14"]
[EventType "team"]

1. e4 d5 2. exd5 Qxd5 3. Nc3 Qa5 4. Nf3 c6 5. d4 Qc7 6. Bd3 Nf6 7. O-O Bg4 8. h3
Bxf3 9. Qxf3 e6 10. Bg5 Nbd7 11. Rfe1 O-O-O 12. Ne4 Be7 13. Bf4 e5 14. dxe5 Nxe5
15. Qg3 Nfd7 16. Nc3 f6 17. Bf5 Bd6 18. Ne4 g5 19. Nxd6+ Qxd6 20. Bxe5 fxe5 21.
Rad1 Qf6 22. Qxe5 Qxe5 23. Rxe5 Rhf8 24. Bxd7+ Rxd7 25. Rxd7 Kxd7 26. Rxg5 Re8
27. Rg7+ Kd6 28. Rxb7 Re1+ 29. Kh2 Re2 30. c3 Rxf2 31. Rxh7 Rxb2 32. Rxa7 Rc2
33. Ra3 Ke5 34. h4 Kf5 35. Kh3 Kf4 36. g3+ Kf5 37. g4+ Kg6 38. h5+ Kg5 39. Ra5+
Kh6 40. Rc5 Rxa2 41. Rxc6+ Kg5 42. Rc5+ Kh6 43. c4 Ra3+ 44. Kg2 Rc3 45. Rc6+ Kg7
46. g5 Rc2+ 47. Kf3 Rh2 48. h6+ Kh7 49. c5 Rh5 50. Rc7+ Kg8 51. c6 Rxg5 52. Rg7+
Rxg7 53. hxg7 Kxg7 54. c7 1-0